統合された国立大学 - Statistics

General Stats
  • This quiz has been taken 114 times
  • The average score is 10 of 16
Answer Stats
統合された年 統合後 統合前 % Correct
2024年 東京科学大学 東京工業大学
94%
2024年 東京科学大学 東京医科歯科大学
94%
2007年 大阪大学 大阪外国語大学
80%
2002年 山梨大学 山梨医科大学
68%
2003年 福井大学 福井医科大学
64%
2003年 島根大学 島根医科大学
64%
2003年 香川大学 香川医科大学
64%
2003年 高知大学 高知医科大学
64%
2003年 佐賀大学 佐賀医科大学
64%
2003年 大分大学 大分医科大学
64%
2003年 宮崎大学 宮崎医科大学
64%
2003年 東京海洋大学 東京水産大学
49%
2003年 東京海洋大学 東京商船大学
47%
2002年 筑波大学 図書館情報大学
44%
2003年 九州大学 九州芸術工科大学
39%
2005年 富山大学 富山医科薬科大学
38%
No matching quizzes found
Score Distribution
Percent of People with Each Score
Percentile by Number Answered
Your Score History
You have not taken this quiz